Responses for Show #2296 - Monday, September 5, 1994

Steve Chernicoff game 3.
First game of Season 11.
First show taped at Sony Pictures Studios and produced by Columbia TriStar Television.

Contestants

[<< previous game]

Michael Rebain, a contract specialist from Washington, D.C.

Sandy Mannix, a communications specialist from Chester Springs, Pennsylvania

Steve Chernicoff, a technical writer from Berkeley, California (whose 2-day cash winnings total $20,202)

[next game >>]

Jeopardy! Round responses

JULY 4, 1994
(Alex: Think back to that date.)
DOLLS
MUSEUMS
FRUITS & NUTS
BUSINESS & INDUSTRY
PROVERBS
    $100 6
Haiti

Steve
    $100 16
Barbie

Steve
    $100 1
Robert Burns

Steve
    $100 11
pink

Steve
    $100 24
Coca-Cola

Steve
    $100 17
words

Steve
    $200 7
Yasser Arafat

Steve
    $200 22
Marie Osmond

Steve
    $200 2
Mexico City

Steve
    $200 12
coconut

Michael
    $200 25
Qantas

Steve
    $200 18
all work and no play

Steve
    $300 8
(Alex: Welcome to the game with a correct response.)

Rwanda

Michael
    $300 23
wax

Michael
    $300 3
the Thames

Steve
    $300 13
an apple

Steve
    $300 26
General Motors

Michael
    $300 19
his castle

Michael
    $400 9
Sarajevo

Steve
    $400 28
Germany

Sandy
    $400 4
the Metropolitan Museum of Art

Steve
    $400 14
a pecan

Steve
    $400 27
Sony

Sandy
    $400 20
(Sandy: What is leave it?)
(Alex: Yeah--no. Be more--)
(Sandy: What is leave it well enough?)

leave it alone

SandyMichael
    $500 10
Vaclav Havel

Steve
    $600 29
(Sandy: What are Zuni dolls?)
(Alex: No. What are [*]? You see a lot of them in Arizona, of course.)

kachinas

Sandy
    $500 5
(Alex: You are right and well done. You ran the category.)

the Field Museum

Steve
    $500 15
(Alex: Welcome. $500 on the board for you.)

the walnut

Sandy
    $500 30
Estée Lauder

Sandy
    $500 21
cut bait

Sandy

Scores at the first commercial break (after clue 15):

Steve Sandy Michael
$3,500 $500 $500

Scores at the end of the Jeopardy! Round:

Steve Sandy Michael
$4,400 $1,300 $1,800

Double Jeopardy! Round responses

MIDDLE EAST HISTORY
AMERICANA
GOVERNMENT & POLITICS
NOVELS & NOVELISTS
RAILROADS
"P"EOPLE
    $200 8
Iraq

Steve
    $200 7
Connecticut

Steve
    $200 2
the United States Supreme Court

Steve
    $200 18
Charles Dickens

Steve
    $200 26
a diesel

Steve
    $200 1
Pocahontas

Steve
    $400 9
Lebanon

Steve
    $400 14
six

Steve
    $400 3
Federalist Party

Steve
    $400 22
India

Steve
    $400 27
Amtrak

Michael
    $400 11
William Penn

Steve
    $600 10
Suez Canal

Sandy
    $600 15
Virginia

Steve
    $600 4
(Alex: Prohibition, right.)

18th Amendment

Steve
    $600 23
William Makepeace Thackeray

Steve
    $600 30
standard gauge of track

Steve
    $600 19
Samuel Pepys

Steve
    $800 12
Israel

Michael
    $800 16
(Alex: Yes, and we have a minute to go in the round.)

Vermont

Steve
    $2,000 5
(Steve: What is the Defense Department?)

the Department of Transportation

Steve
    $800 24
Agatha Christie

Sandy
    $800 29
the air brake

Steve
    $800 20
(George) Patton

Michael
    $2,000 13
(Alex: You're in first place with $5,600. Well done.)

Jordan

Michael
    $1000 17
Maine

Triple Stumper
    $1000 6
(Guy) Hunt

Michael
    $1000 25
Main Street

Michael
    $1000 28
(Sandy: What is La Grande Vitesse?)
...
(Alex: It's TGV. It's TGV, not La Grande Vitesse. So TGV is acceptable and Sandy's is not, unfortunately.)

the Très Grande Vitesse

SteveSandy
    $1000 21
J. C. Penney

Sandy

Scores at the end of the Double Jeopardy! Round:

Steve Sandy Michael
$11,200 $2,700 $7,800

[wagering suggestions for these scores]

Final Jeopardy! Round responses

THE OLYMPICS
SandyWhat is Lillehamer Norway
$0
MichaelWhat is Sapporo?
$7,800
SteveWhat is Lillehammer?
$4,401
Lillehammer, Norway

Final scores:

Steve Sandy Michael
$15,601 $2,700 $0
3-day champion: $35,803 2nd place: Psion Series 3a, Sentry fire-safe media chest 3rd place: Benrus ladies' gold quartz watch

Game dynamics:

Coryat scores:

Steve Sandy Michael
$13,200 $3,300 $6,800
37 R,
1 W
(including 1 DD)
8 R,
3 W
(including 1 DD)
12 R
(including 1 DD),
0 W

Combined Coryat: $23,300

[game clues] [game scores] [suggest correction]

Game tape date: 1994-07-19
The J! Archive is created by fans, for fans. Scraping, republication, monetization, and malicious use prohibited; this site may use cookies and collect identifying information. See terms. The Jeopardy! game show and all elements thereof, including but not limited to copyright and trademark thereto, are the property of Jeopardy Productions, Inc. and are protected under law. This website is not affiliated with, sponsored by, or operated by Jeopardy Productions, Inc. Join the discussion at JBoard.tv.